000 00678nam a2200217Ia 4500
003 GCL
008 140319s9999 xx 000 0 ara d
020 _a7394215977
040 _aGCL /
_cGCL
082 0 4 _a301.01
_bط ن
100 1 _aكمال عبدالحميد الزيات
245 1 0 _aالنظرية المعاصرة فى علم الاجتماع /
_cكمال عبدالحميد الزيات
700 1 _aطلعت ابراهيم لطفى
250 _aالاولى
300 _a199 ص ؛
_c24 سم
650 0 4 _aالجريمة والمجرمون
650 0 4 _aالاسرة
650 0 4 _aالاجتماع، علم
650 0 4 _aالمساواة
942 _2ddc
_cBK
999 _c4884
_d4884